| 000 | 00519nmm a22001817a 4500 | ||
|---|---|---|---|
| 005 | 20160523085302.0 | ||
| 008 | 150618b xxu||||| |||| 00| 0 spa d | ||
| 041 | _aspa | ||
| 082 | _aDE 8 | ||
| 100 |
_aAraya Fernández, Karol _910037 |
||
| 245 | _aInforme de práctica supervisada realizado en Municipalidad de Cartago | ||
| 260 | _c2014 | ||
| 650 |
_aCOSTA RICA _910038 |
||
| 650 |
_aADMINISTRACIÓN DE EMPRESAS _9521 |
||
| 650 |
_aUNIDAD DE FISCALIZACIÓN _910039 |
||
| 650 |
_aANÁLISIS FODA _910040 |
||
| 942 | _cIP | ||
| 999 |
_c8128 _d8128 |
||